000 00285nam a2200097Ia 4500
005 20251222114402.0
008 251222s1900||||xx |||||||||||||| ||spa||
082 _aDVD0111/J72/2003
245 0 _aLooney Tunes: lo mejor de Bugs Bunny:Looney Tunes: Collection Best of Bugs Bunny
942 _cDVD
999 _c1674
_d1674